00416 2200157 4500001002100000005001500021035002000036245008000056100002200136300001200158260003600170082000800206084001400214020001800228990001200246INLIS00000000000180720250506111937 a0010-05250000991 aHati :bKedudukan, Keadaan, Penyakit dan Pengobatannya /cAhmad Izzuddin A.0 aAhmad Izzuddin A. a240 hlm aJakarta :bGranada Nadia,c1994 a600 a600 AHM h a979-8713-04-4 a0754750